000 00889nam a2200253 a 4500
001 10692
003 BD-RjUL
005 20211208235010.0
008 140125s1969 nyu 001 0 eng d
035 _a(BD-RjUL)10740
040 _aDLC
_cDLC
_dDLC
_d(BD-RjUL)
_beng
041 _aeng
082 0 0 _223
_a915.102
_bPHY 1969
110 2 _aInstitut geografii (Akademii︠a︡ nauk SSSR)
_9200960
245 1 4 _aThe physical geography of China /
_cPrepared by the Institute of Geography, U. S. S. R., Academy of Sciences.
260 _aNew York :
_bPraeger ,
_c1969
300 _av. ;
_c25 cm.
490 0 _aPraeger special studies in international economics and development
504 _aIncludes Index
505 _aV. 1 -- V. 2--
650 0 _aPhysical geography
_zChina.
_933059
830 _aPraeger special studies in international economics and development
_9201098
942 _2ddc
_cBK
999 _c10692
_d10692